| 000 | 00525ntaaa2200193 4500 | ||
|---|---|---|---|
| 003 | 01 | ||
| 005 | 20251027202915.0 | ||
| 008 | 0714s1973 ag 01 | ||
| 040 |
_aAR-BaBN _bspa _cAR-BaBN _eaacr _dRIC |
||
| 082 | _a922.8000 J62 | ||
| 100 |
_aJohnston, Julia H _928656 |
||
| 245 | _aLife of Adoniram Judson | ||
| 250 | _a1 ed. | ||
| 260 |
_aChicago : _bBible Institute Colportage Association, _cc1887 |
||
| 300 | _a80 p | ||
| 650 |
_aJudson, Adoniram-biografĂa _929501 |
||
| 650 |
_abiografĂa-Judson, A _929502 |
||
| 942 | _cBK | ||
| 999 |
_c24296 _d24296 |
||